Statistics for Movie Misquotes Quiz

Click here to take the quiz!

General Stats

  • This quiz has been taken 22,649 times
  • The average score is 10 of 15

Answer Stats

MisquoteMovie / TV Show% Correct
Luke, I am your fatherThe Empire Strikes Back
98%
I vant to suck your bloodDracula
93%
I don't think we're in Kansas anymore, TotoThe Wizard of Oz
91%
Mirror, mirror on the wall, who is the fairest of them all?Snow White and the Seven Dwarfs
89%
Beam me up, Scotty!Star Trek
80%
Houston, we have a problemApollo 13
78%
We’re gonna need a bigger boat!Jaws
65%
Hello, ClariceThe Silence of the Lambs
63%
Mrs. Robinson, are you trying to seduce me?The Graduate
59%
Play it again, SamCasablanca
55%
If you build it, they will comeField of Dreams
55%
Do you feel lucky, punk?Dirty Harry
55%
That's not a knife. THIS is a knife!Crocodile Dundee
54%
Greed is goodWall Street
46%
Just the facts, Ma'amDragnet
22%

Score Distribution

Percentile by Number Answered

Percent of People with Each Score

Your Score History

You have not taken this quiz